| 000 | 00442nam a22001577a 4500 | ||
|---|---|---|---|
| 020 | _a9780471129189 | ||
| 040 | _cNUST | ||
| 082 | _a624.17 MCG | ||
| 100 |
_aMcGuire, William _938612 |
||
| 110 |
_aGallagher, Richard H. Ziemian, Ronald D. _9112400 |
||
| 245 | _aMatrix Structural Analysis | ||
| 250 | _a2nd Edition | ||
| 260 |
_aNew York: _bJohn Wiley & Sons, _c2000. |
||
| 650 |
_aMatrix Structural Analysis _9112401 |
||
| 942 |
_2ddc _cBK |
||
| 999 |
_c594787 _d594787 |
||